00431nam a22001217a 4500008004100000082001900041245008100060260003000141300001300171942001200184999001500196952009800211230703b xxu||||| |||| 00| 0 eng d a342.bGIC 1987 aA Textbook of The Constitution and Government of Kenya for Secondary Schools bH.B. Ndoria Gicheruc1987 aXVI,654p 2ddccBK c3521d3521 00102ddc4070a002b002d2023-07-03l0o342. GIC 1987p10000421r2023-07-03w2023-07-03yBK